Gummi arabicum und dessen Surrogate in festem und flüssigem Zustande. Darstellung der Sorten und Eigenschaften des arabischen Gummi, seiner Verfälschungen, Fabrikation des Dextrins und anderer Stärkeprodukte, sowie der Surrogate für Gummi aus Dextrin und anderen Materiallien: Ein Hand- und Hilfsbuch für alle Consumenten von Gummi und dessen Ersatzmitteln und für Fabrikanten von Klebemitteln; Mit 42 Abbildungen

Bibliographic Details
Main Author: Andes L. E. Louis Edgar
Summary:Напечатано готическим шрифтом
В описании используется грамматика 19 века
Корешок с золотым тиснением
Language:German
Published: Wien, A. Hartleben's Verlag, 1896
Series:A. Hartleben's chemisch-technische Bibliothek Bd. 220
Subjects:
Format: Book
KOHA link:https://koha.lib.tpu.ru/cgi-bin/koha/opac-detail.pl?biblionumber=683268

MARC

LEADER 00000nam0a2200000 4500
001 683268
005 20260319102426.0
090 |a 683268 
100 |a 20251119d1896 km|y0rusy50 ba 
101 0 |a ger 
102 |a DE 
105 |a a z 001yy 
181 0 |a i   |b  e  
182 0 |a n 
183 0 |a nc  |2 RDAcarrier 
200 1 |a Gummi arabicum und dessen Surrogate in festem und flüssigem Zustande. Darstellung der Sorten und Eigenschaften des arabischen Gummi, seiner Verfälschungen, Fabrikation des Dextrins und anderer Stärkeprodukte, sowie der Surrogate für Gummi aus Dextrin und anderen Materiallien  |e Ein Hand- und Hilfsbuch für alle Consumenten von Gummi und dessen Ersatzmitteln und für Fabrikanten von Klebemitteln  |d Гуммиарабик и его заменители в твердом и жидком состоянии. Описание разновидностей и свойств гуммиарабика, его примесей, производства декстрина и других крахмалопродуктов, а также заменителей камеди из декстрина и других материалов   |z rus  |e Mit 42 Abbildungen  |f Louis Edgar Andes 
203 |a Текст  |b визуальный  |c непосредственный 
210 |a Wien  |a Pest  |a Leipzig  |c A. Hartleben's Verlag  |d 1896 
215 |a VIII, 214 S.  |c il. 
225 1 |a A. Hartleben's chemisch-technische Bibliothek  |v Bd. 220 
283 |a volume  |2 RDAcarrier 
300 |a Напечатано готическим шрифтом 
300 |a В описании используется грамматика 19 века 
300 |a Корешок с золотым тиснением 
316 |5 63413507: 10730  |a На титульном листе владельческий штамп "Библиотека Сибирского Технологического Института" 
317 |5 63413507: 10730  |a Поступил в НТБ в 1910 г. в составе книжного собрания профессора ТТИ А. Э. Сабека 
320 |a Register: S. 205-214 
517 |a Gummi arabicum und dessen Surrogate in festem und flüssigem Zustande. Darstellung der Sorten und Eigenschaften des arabischen Gummi, seiner Verfälschungen, Fabrikation des Dextrins und anderer Stärkeprodukte, sowie der Surrogate für Gummi aus Dextrin und anderen Materiallien  |z ger 
541 1 |a Бумажная продукция специального назначения  |z rus 
606 |a Смолы,природные  |9 56391 
610 1 |a гуммиарабик 
610 1 |a разновидности 
610 1 |a заменители 
610 1 |a декстрин 
610 1 |a крахмалопродукты 
610 1 |a производство 
610 1 |a клей 
610 1 |a оборудование 
610 1 |a немецкий язык 
610 1 |a Коллекция А. Э. Сабека 
610 1 |a 19 век 
675 |a 665.94  |v 4 
700 1 |a Andes  |b L. E.  |g Louis Edgar 
801 0 |a RU  |b 63413507  |c 20251119 
830 |a Ретро2025Каталогизация Кузнецова (РФ) 
850 |a 63413507 
942 |c BK